000 00556nam a2200229Ia 4500
003 OSt
005 20221007062325.0
006 a|||||r|||| 00| 0
007 ta
008 221006b |||||||| |||| 00| 0 eng d
024 _a19,116
037 _cTextual
040 _aFLL
_cFLL
_beng
041 _2eng
_aeng
082 _aZ:891, L6
100 _aAiyer
_9682604
245 0 _aContempt
260 _aAllahabad
_bLaw Book Co. India
_c1976
300 _a739p
_ccm.
942 _hZ:891, L6
_cTEXL
_2CC
999 _c1128312
_d1128312